[Event "Titled Tue 27th May Late"]
[Site "chess.com INT"]
[Date "2025.05.27"]
[Round "3"]
[White "Sieciechowicz, Marcin"]
[Black "Nicula, Marius"]
[Result "1-0"]
[WhiteTitle "IM"]
[BlackTitle "FM"]
[WhiteElo "2410"]
[BlackElo "2155"]
[WhiteFideId "1130170"]
[BlackFideId "1203096"]
[EventDate "2025.05.27"]

1. d4 Nf6 2. c4 e6 3. Nc3 Bb4 4. Qc2 Nc6 5. Nf3 O-O 6. Bd2 d6 7. a3 Bxc3 8. Bxc3
Qe7 9. e3 e5 10. dxe5 dxe5 11. Be2 Bg4 12. O-O Rfe8 13. Rfd1 e4 14. Nd4 Nxd4 15.
Bxd4 Bxe2 16. Qxe2 c5 17. Bc3 Rad8 18. h3 h6 19. Qc2 Rxd1+ 20. Rxd1 Rd8 21.
Rxd8+ Qxd8 22. Qa4 a6 23. Qb3 Qd7 24. Qb6 Qd1+ 25. Kh2 Qe2 26. Bxf6 gxf6 27.
Qxf6 Qxc4 28. Qxh6 Qc2 29. Qf6 b5 30. h4 Qe2 31. Qg5+ Kf8 32. Qxc5+ Kg7 33. Qg5+
Kh7 34. h5 Qxf2 35. h6 1-0

[Event "Titled Tue 27th May Late"]
[Site "chess.com INT"]
[Date "2025.05.27"]
[Round "3"]
[White "Tamer Waguih, Farid"]
[Black "Suleymanli, Suleyman"]
[Result "0-1"]
[WhiteTitle "FM"]
[BlackTitle "FM"]
[WhiteElo "2206"]
[BlackElo "2322"]
[WhiteFideId "10685723"]
[BlackFideId "13416375"]
[EventDate "2025.05.27"]

1. d4 d5 2. Nc3 Nf6 3. Bf4 e6 4. Nb5 Na6 5. e3 c6 6. Nc3 Qb6 7. a3 c5 8. Nb5 c4
9. a4 Bd7 10. c3 Bxb5 11. axb5 Qxb5 12. Qc2 Be7 13. Nf3 O-O 14. Rg1 Ne4 15. g4
Bd6 16. Bxd6 Nxd6 17. Ng5 g6 18. Rg3 Kg7 19. Bg2 Nc7 20. h4 f6 21. Nh3 Ne4 22.
Bxe4 dxe4 23. Rb1 Qc6 24. g5 f5 25. Nf4 Nd5 26. Ng2 b5 27. Rh3 b4 28. h5 bxc3
29. bxc3 Rab8 30. Rc1 Rb3 31. hxg6 hxg6 32. Qd2 Qb6 33. Rc2 Rb1+ 34. Ke2 Rg1 35.
Nf4 Nxf4+ 36. exf4 Qb1 0-1

[Event "Titled Tue 27th May Late"]
[Site "chess.com INT"]
[Date "2025.05.27"]
[Round "3"]
[White "Elier, Ali"]
[Black "Sailer, Mike"]
[Result "1-0"]
[WhiteTitle "CM"]
[WhiteElo "2142"]
[BlackElo "2108"]
[WhiteFideId "16217543"]
[BlackFideId "2012901"]
[EventDate "2025.05.27"]

1. e4 d5 2. exd5 Qxd5 3. Nf3 Bg4 4. Be2 Nc6 5. O-O O-O-O 6. Nc3 Qf5 7. d3 Nf6 8.
Re1 e6 9. Ng5 Bxe2 10. Qxe2 Nd5 11. Nxd5 Rxd5 12. Bd2 Be7 13. Nf3 h5 14. Qe4
Qxe4 15. dxe4 Rd7 16. Bc3 Bf6 17. e5 Be7 18. Rad1 Rhd8 19. Rxd7 Rxd7 20. Kf1 Bb4
21. Re3 Bxc3 22. Rxc3 Kd8 23. Ke2 Ke7 24. Rb3 b6 25. Rc3 Na5 26. b3 c5 27. Re3
Nc6 28. c3 Rd5 29. Re4 g6 30. h3 Ke8 31. g4 hxg4 32. hxg4 Ke7 33. Re3 Rd8 34.
Rd3 Rxd3 35. Kxd3 f6 36. exf6+ Kxf6 37. a4 Ne5+ 38. Nxe5 Kxe5 39. Ke3 g5 40. b4
cxb4 41. cxb4 Kd5 42. f4 a6 43. fxg5 Ke5 44. Kd3 1-0

[Event "Titled Tue 27th May Late"]
[Site "chess.com INT"]
[Date "2025.05.27"]
[Round "3"]
[White "Tymrakiewicz, Rafal"]
[Black "Popovic, Dobrivoj"]
[Result "1-0"]
[WhiteTitle "FM"]
[BlackTitle "CM"]
[WhiteElo "2189"]
[BlackElo "1945"]
[WhiteFideId "1108832"]
[BlackFideId "907103"]
[EventDate "2025.05.27"]

1. d4 Nf6 2. Bg5 d5 3. e3 c5 4. c3 Nc6 5. Nd2 e6 6. f4 h6 7. Bxf6 Qxf6 8. Ngf3
Bd6 9. Bd3 Bd7 10. O-O O-O 11. Ne5 Qe7 12. Qh5 f5 13. g4 Be8 14. Qh3 Bxe5 15.
fxe5 fxg4 16. Qxg4 Bf7 17. h4 Qe8 18. Rf4 Bh5 19. Rxf8+ Kxf8 20. Qg3 Ne7 21.
Rf1+ Kg8 22. Rf6 Nf5 23. Bxf5 exf5 24. Rxf5 Bg6 25. Rf1 Qe6 26. Nb3 b6 27. dxc5
Re8 28. Nd4 Qxe5 29. Qxg6 Qxe3+ 30. Kg2 Re4 31. c6 Rxh4 32. Qxg7+ Kxg7 33. Nf5+
Kh7 34. Nxe3 1-0

[Event "Titled Tue 27th May Late"]
[Site "chess.com INT"]
[Date "2025.05.27"]
[Round "3"]
[White "Metin, Enis"]
[Black "Novosel, Lovro"]
[Result "0-1"]
[BlackTitle "FM"]
[WhiteElo "2169"]
[BlackElo "2346"]
[WhiteFideId "26306948"]
[BlackFideId "14547120"]
[EventDate "2025.05.27"]

1. e4 g6 2. d4 Bg7 3. Nc3 c6 4. Bc4 d5 5. exd5 b5 6. Bb3 b4 7. Na4 cxd5 8. Qf3
Nf6 9. Bg5 Bb7 10. Nc5 Bc6 11. O-O-O a5 12. Ba4 O-O 13. Nh3 Bxa4 14. Nxa4 Ne4
15. Bh4 Nc6 16. Kb1 Rc8 17. Qe3 Re8 18. f3 Nd6 19. g4 Nc4 20. Qf2 Qd7 21. Nc5
Qa7 22. Na4 Bxd4 23. Qe2 e6 24. Nf4 Bg7 25. Rhe1 h6 26. Bf2 Qa6 27. h4 Qb5 28.
Nb6 Rb8 29. Nxc4 dxc4 30. Qe4 b3 31. cxb3 cxb3 32. a3 Red8 33. Rd3 Ne5 34. Rxd8+
Rxd8 35. Bd4 Nc4 36. Bxg7 Nd2+ 0-1

[Event "Titled Tue 27th May Late"]
[Site "chess.com INT"]
[Date "2025.05.27"]
[Round "3"]
[White "Azamikia, Mehran"]
[Black "Leinov, Roman"]
[Result "0-1"]
[WhiteTitle "CM"]
[BlackTitle "CM"]
[WhiteElo "2130"]
[BlackElo "2120"]
[WhiteFideId "12502502"]
[BlackFideId "13504649"]
[EventDate "2025.05.27"]

1. d4 Nf6 2. Nf3 e6 3. c4 b6 4. g3 Bb7 5. Bg2 Bb4+ 6. Nbd2 O-O 7. O-O Bxd2 8.
Qxd2 Ne4 9. Qc2 d5 10. Nd2 f5 11. b3 Nd7 12. Bb2 Ndf6 13. Rac1 c6 14. cxd5 exd5
15. Nxe4 fxe4 16. Ba3 Re8 17. f3 Qd7 18. fxe4 Nxe4 19. Rf4 Nf6 20. Rcf1 Ba6 21.
R1f2 Rac8 22. Bf3 Qe6 23. Kg2 Ne4 24. Bxe4 dxe4 25. e3 Bd3 26. Qd1 c5 27. dxc5
bxc5 28. Qh5 g6 29. Qh6 Qe7 30. Rf7 Qxf7 31. Rxf7 Kxf7 32. Qxh7+ Ke6 33. Qxg6+
Kd5 34. h4 Rf8 35. h5 Rf1 36. h6 Rcf8 37. Qg5+ R8f5 38. Qd8+ Ke6 39. Qe8+ Kd6
40. Qb8+ Kc6 41. Qc8+ Kd6 42. Bxc5+ Rxc5 43. Qxc5+ Kxc5 44. h7 Rf8 0-1

[Event "Titled Tue 27th May Late"]
[Site "chess.com INT"]
[Date "2025.05.27"]
[Round "3"]
[White "Schuster, Karsten"]
[Black "Provaznik, Michal"]
[Result "1-0"]
[WhiteTitle "FM"]
[BlackTitle "CM"]
[WhiteElo "2266"]
[BlackElo "2050"]
[WhiteFideId "4611071"]
[BlackFideId "315273"]
[EventDate "2025.05.27"]

1. e4 c5 2. Nf3 Nc6 3. Bb5 g6 4. Nc3 Bg7 5. O-O e6 6. Bxc6 dxc6 7. d3 Ne7 8. Bg5
h6 9. Bh4 O-O 10. Qe2 b5 11. Rad1 Qc7 12. Rde1 e5 13. b3 g5 14. Bg3 Ng6 15. a4
a6 16. Qd2 Bg4 17. h3 Bxf3 18. gxf3 Rad8 19. axb5 cxb5 20. Qe2 Rd6 21. Nd5 Qd8
22. c4 Ne7 23. Ra1 Nc6 24. Qd1 Nd4 25. Kg2 Qd7 26. Rh1 f5 27. h4 g4 28. fxg4 f4
29. Bh2 f3+ 30. Kf1 Qxg4 31. Bg3 h5 32. cxb5 axb5 33. Ra7 Ne2 34. Rg1 Rf7 35.
Ne7+ Rxe7 36. Rxe7 Qh3+ 37. Ke1 Nxg1 38. Rxg7+ Kxg7 39. Bxe5+ Kf7 40. Bxd6 Ne2
41. Kd2 Qxh4 42. Qa1 Qg5+ 43. Kc2 Nd4+ 44. Kc3 b4+ 45. Kc4 1-0

[Event "Titled Tue 27th May Late"]
[Site "chess.com INT"]
[Date "2025.05.27"]
[Round "3"]
[White "Lavorgna, Giovanni"]
[Black "Bendayan Claros, Aaron"]
[Result "0-1"]
[WhiteTitle "CM"]
[BlackTitle "CM"]
[WhiteElo "1902"]
[BlackElo "2224"]
[WhiteFideId "11800100"]
[BlackFideId "3803392"]
[EventDate "2025.05.27"]

1. d4 d5 2. Nf3 Nf6 3. c4 e6 4. g3 c6 5. Bg2 Be7 6. O-O O-O 7. Nc3 b6 8. Qd3 Ba6
9. b3 c5 10. Bf4 Nc6 11. Rfd1 Nb4 12. Qb1 dxc4 13. bxc4 Qc8 14. Ne5 Bb7 15. a3
Bxg2 16. Kxg2 cxd4 17. Rxd4 Nc6 18. Nxc6 Qxc6+ 19. f3 Rad8 20. Rxd8 Rxd8 21. Qb5
Qc8 22. Rd1 Rxd1 23. Nxd1 Bxa3 24. Nf2 Bc5 25. Nd3 h6 26. Be5 Nd7 27. Bb2 a6 28.
Qb3 Qc6 29. Qc3 f6 30. Nf4 Qd6 31. Qc2 Ne5 32. h4 Be3 33. Nd3 Nxd3 34. exd3 Bd4
35. Bc1 a5 36. Bf4 Qb4 37. Qe2 e5 38. Bd2 Qb2 39. Qe1 Bc3 0-1

[Event "Titled Tue 27th May Late"]
[Site "chess.com INT"]
[Date "2025.05.27"]
[Round "3"]
[White "Ghimoyan, Narek"]
[Black "Marchesich, Giovanni"]
[Result "0-1"]
[WhiteTitle "CM"]
[BlackTitle "CM"]
[WhiteElo "2273"]
[BlackElo "2219"]
[WhiteFideId "13315412"]
[BlackFideId "2824790"]
[EventDate "2025.05.27"]

1. d4 g6 2. c4 Bg7 3. Nf3 d6 4. g3 Bd7 5. Bg2 Qc8 6. Bf1 h5 7. h4 Nc6 8. Nc3 e5
9. d5 Nce7 10. Bg2 Nf6 11. O-O Bh3 12. Bg5 Bxg2 13. Kxg2 Nf5 14. Rc1 Nh7 15. c5
Nxg5 16. Nxg5 Qd7 17. cxd6 cxd6 18. Qa4 Bh6 19. Qxd7+ Kxd7 20. Nce4 Bxg5 21.
Nxg5 Rhf8 22. Rc3 Rac8 23. Rfc1 Rxc3 24. Rxc3 Ne7 25. Ne4 Nxd5 26. Rd3 Kc6 27.
Nxd6 Kxd6 28. e4 Rc8 29. Rxd5+ Ke6 30. Rb5 b6 31. Kf3 f5 32. exf5+ gxf5 33. Ke3
Rc4 34. a3 Re4+ 35. Kd3 Rg4 36. b3 f4 37. Rb4 fxg3 38. Rxg4 gxf2 39. Ke2 hxg4
40. Kxf2 e4 41. Kg3 Kf5 42. h5 e3 43. h6 Kg6 44. b4 b5 45. Kxg4 e2 46. h7 Kxh7 0-1

[Event "Titled Tue 27th May Late"]
[Site "chess.com INT"]
[Date "2025.05.27"]
[Round "3"]
[White "Fernandes, Rogerio Paulo Muller"]
[Black "Nayak, Rajesh"]
[Result "0-1"]
[BlackTitle "FM"]
[WhiteElo "2241"]
[BlackElo "2286"]
[WhiteFideId "2101599"]
[BlackFideId "35017152"]
[EventDate "2025.05.27"]

1. c4 Nf6 2. g3 g6 3. Bg2 Bg7 4. Nf3 O-O 5. O-O d6 6. Nc3 c6 7. d3 Qa5 8. h3 Qh5
9. g4 Bxg4 10. hxg4 Nxg4 11. Bf4 e5 12. Bg3 f5 13. e3 Nd7 14. Nh2 Ndf6 15. Bf3
Bh6 16. Nxg4 Nxg4 17. Kg2 Qg5 18. Bxg4 fxg4 19. Ne4 Qf5 20. Nxd6 Qe6 21. Ne4 Bg7
22. Qb3 Qf5 23. Qd1 h5 24. Qe2 g5 25. f3 gxf3+ 26. Rxf3 Qg6 27. Raf1 h4 28.
Rxf8+ Rxf8 29. Rxf8+ Kxf8 30. Qf3+ Kg8 31. Bh2 g4 32. Qf1 g3 0-1

[Event "Titled Tue 27th May Late"]
[Site "chess.com INT"]
[Date "2025.05.27"]
[Round "3"]
[White "Tang, Andrew"]
[Black "Rustamov, Rustam"]
[Result "0-1"]
[WhiteTitle "GM"]
[BlackTitle "FM"]
[WhiteElo "2529"]
[BlackElo "2323"]
[WhiteFideId "2059630"]
[BlackFideId "13440110"]
[EventDate "2025.05.27"]

1. d4 Nf6 2. c4 e6 3. Nc3 d5 4. cxd5 exd5 5. Bg5 Bb4 6. e3 h6 7. Bh4 g5 8. Bg3
Ne4 9. a3 Bxc3+ 10. bxc3 h5 11. f3 Nxg3 12. hxg3 Qe7 13. Kf2 Be6 14. Qb3 c6 15.
c4 dxc4 16. Bxc4 Bxc4 17. Qxc4 Nd7 18. Ne2 Nb6 19. Qb4 Nd5 20. Qb3 Rd8 21. Rab1
Rd7 22. a4 f5 23. a5 a6 24. Rbe1 Qb4 25. Qxb4 Nxb4 26. Rb1 Nd5 27. Rb3 Kd8 28.
Nc1 Re7 29. Re1 Rhe8 30. Re2 Kc8 31. Re1 h4 32. gxh4 gxh4 33. Na2 Rg7 34. Rh1
Reg8 35. Rh2 f4 36. exf4 Nxf4 37. Ke3 Nxg2+ 38. Kd3 Rf7 39. Kc4 Rg3 40. Nb4 h3
41. Rb2 Ne3+ 42. Kc5 Rf5+ 43. Kb6 Nc4+ 44. Ka7 Nxb2 45. Rxb2 Rg2 46. Rb1 Rb5 47.
Re1 Rxb4 48. Re7 Kd8 49. Rh7 h2 50. f4 Rb1 0-1

[Event "Titled Tue 27th May Late"]
[Site "chess.com INT"]
[Date "2025.05.27"]
[Round "3"]
[White "Ehlvest, Jaan"]
[Black "Gutierrez Olivares, Daniel"]
[Result "1-0"]
[WhiteTitle "GM"]
[BlackTitle "FM"]
[WhiteElo "2532"]
[BlackElo "2354"]
[WhiteFideId "4500016"]
[BlackFideId "2264005"]
[EventDate "2025.05.27"]

1. d4 Nf6 2. Nf3 e6 3. Bg5 d5 4. Nbd2 Be7 5. e3 a6 6. Bd3 c5 7. c3 Nc6 8. O-O h6
9. Bh4 b6 10. Ne5 Nxe5 11. dxe5 Nd7 12. Bxe7 Qxe7 13. f4 Bb7 14. Qg4 O-O 15. Nf3
f5 16. Qh3 Rf7 17. g4 fxg4 18. Qxg4 c4 19. Bg6 Rff8 20. Nd4 Nc5 21. Kh1 Bc8 22.
Rf3 Bd7 23. Rg1 Be8 24. Bc2 Kh8 25. Rh3 Qf7 26. Qh4 Ne4 27. Bxe4 dxe4 28. Rhg3
Rg8 29. Qh3 Bd7 30. Rg6 Rae8 31. R1g4 Re7 32. Qh4 Be8 33. Rg3 Qf8 34. Rxe6 Bd7
35. Reg6 Bf5 36. Nxf5 Qxf5 37. Qxe7 Qh5 38. Qd7 Qe2 39. h4 Qf1+ 40. Kh2 Qf2+ 41.
Rg2 Qxe3 42. Qf7 Qf3 43. Rxh6+ 1-0

[Event "Titled Tue 27th May Late"]
[Site "chess.com INT"]
[Date "2025.05.27"]
[Round "3"]
[White "Zuferi, Enis"]
[Black "Kravtsiv, Martyn"]
[Result "0-1"]
[WhiteTitle "FM"]
[BlackTitle "GM"]
[WhiteElo "2351"]
[BlackElo "2598"]
[WhiteFideId "24692530"]
[BlackFideId "14113147"]
[EventDate "2025.05.27"]

1. d4 d5 2. c4 e6 3. Nc3 Nf6 4. cxd5 exd5 5. Bg5 Be7 6. e3 O-O 7. Bd3 h6 8. Bh4
Re8 9. Bg3 c6 10. Nf3 Nbd7 11. h3 b5 12. O-O a5 13. Rc1 Bb7 14. a4 b4 15. Nb1 c5
16. dxc5 Nxc5 17. Bb5 Rf8 18. Nbd2 Nfe4 19. Bh2 Nxd2 20. Nxd2 d4 21. Nc4 d3 22.
Qg4 f5 23. Qh5 Qd5 24. f3 Qe6 25. Rcd1 Kh7 26. f4 Nxa4 27. Ne5 Nxb2 28. Bd7 Qf6
29. Rd2 g6 30. Nxg6 Qxg6 31. Qxg6+ Kxg6 32. Rxb2 Bf6 33. Rd2 Be4 34. Bb5 Bc3 35.
Rxd3 Bxd3 36. Bxd3 Rfd8 37. Bb1 b3 38. g4 a4 39. gxf5+ Kf7 40. e4 a3 41. e5 a2
42. e6+ Ke7 0-1

[Event "Titled Tue 27th May Late"]
[Site "chess.com INT"]
[Date "2025.05.27"]
[Round "3"]
[White "Sivakumar, Shaashwath"]
[Black "Pham, Le Thao Nguyen"]
[Result "0-1"]
[WhiteTitle "FM"]
[BlackTitle "IM"]
[WhiteElo "2234"]
[BlackElo "2388"]
[WhiteFideId "30912156"]
[BlackFideId "12401226"]
[EventDate "2025.05.27"]

1. d4 d5 2. c4 c6 3. Nf3 Nf6 4. g3 Bf5 5. Bg2 e6 6. Nc3 Nbd7 7. O-O dxc4 8. a4
a5 9. Nh4 Bg4 10. h3 Bh5 11. g4 Nd5 12. Nf3 Bg6 13. Nd2 N7b6 14. e4 Nf4 15. Nxc4
Nxh3+ 16. Bxh3 Nxc4 17. b3 Nb6 18. Bg2 Bb4 19. Ne2 h5 20. Nf4 Qh4 21. Nxg6 fxg6
22. g5 Be7 23. Be3 Bxg5 24. f4 Bd8 25. d5 cxd5 26. Qd4 O-O 27. Rac1 dxe4 28.
Qxe4 Qf6 29. Bd4 Qf7 30. Bh3 Re8 31. Rfe1 Nd5 32. Bxe6 Rxe6 33. Qxe6 Nxf4 34.
Qxf7+ Kxf7 35. Rf1 g5 36. Be5 Kg6 37. Bxf4 gxf4 38. Rc5 Bb6 39. Rc1 Rc8 0-1

[Event "Titled Tue 27th May Late"]
[Site "chess.com INT"]
[Date "2025.05.27"]
[Round "3"]
[White "Montano Vicente, Guadalupe"]
[Black "Kang, Dorian"]
[Result "1-0"]
[BlackTitle "CM"]
[WhiteElo "1940"]
[BlackElo "2047"]
[WhiteFideId "5181399"]
[BlackFideId "2619156"]
[EventDate "2025.05.27"]

1. d4 Nf6 2. c4 e6 3. Nf3 b6 4. g3 Bb7 5. Bg2 Bb4+ 6. Bd2 Bxd2+ 7. Qxd2 O-O 8.
Nc3 d6 9. O-O Nbd7 10. d5 e5 11. Ne1 a5 12. Nd3 Ba6 13. b3 Qe7 14. e4 Nc5 15.
Nxc5 bxc5 16. f4 exf4 17. Qxf4 Nd7 18. Bh3 Ne5 19. Rad1 a4 20. Ne2 axb3 21. axb3
Rfb8 22. Qe3 Bc8 23. Bxc8 Rxc8 24. Nf4 Rcb8 25. Ng2 Ra3 26. Rb1 Rb4 27. Nh4 g6
28. Nf3 Nxc4 29. Qh6 Raxb3 30. Rxb3 Rxb3 31. Ng5 f6 32. Rxf6 Qf7 33. Rxf7 Rb1+
34. Kf2 Rb2+ 35. Ke1 Rb1+ 36. Ke2 Rb2+ 37. Kd1 Rd2+ 38. Kc1 Ne5 39. Qxh7# 1-0

[Event "Titled Tue 27th May Late"]
[Site "chess.com INT"]
[Date "2025.05.27"]
[Round "3"]
[White "Rueda Rojas, Richard Alejandro"]
[Black "Adewumi, Tanitoluwa"]
[Result "0-1"]
[WhiteTitle "FM"]
[BlackTitle "FM"]
[WhiteElo "2090"]
[BlackElo "2376"]
[WhiteFideId "4491505"]
[BlackFideId "30966396"]
[EventDate "2025.05.27"]

1. d4 Nf6 2. c4 e6 3. Nf3 a6 4. g3 b5 5. Nbd2 Bb4 6. Bg2 Bb7 7. O-O Bxd2 8. Bxd2
bxc4 9. Rc1 Bd5 10. Bg5 O-O 11. Re1 Be4 12. Rxc4 Nc6 13. Qd2 h6 14. Bh4 a5 15.
Rec1 Bd5 16. Rc5 a4 17. Qf4 Qe7 18. e4 Bxa2 19. e5 Nh5 20. Bxe7 Nxf4 21. Rxc6
Ne2+ 22. Kf1 Nxc1 23. Rxc1 Rfb8 24. Rxc7 Rxb2 25. Ne1 Bd5 26. Bxd5 exd5 27. Nc2
g5 28. h4 Rab8 29. hxg5 hxg5 30. Bxg5 R8b3 31. Bf6 a3 32. f4 Kh7 33. Rxd7 Kg6
34. g4 Rxc2 35. f5+ Kh6 0-1

[Event "Titled Tue 27th May Late"]
[Site "chess.com INT"]
[Date "2025.05.27"]
[Round "3"]
[White "Tahbaz, Arash"]
[Black "Firouzja, Alireza"]
[Result "0-1"]
[WhiteTitle "IM"]
[BlackTitle "GM"]
[WhiteElo "2462"]
[BlackElo "2757"]
[WhiteFideId "12528846"]
[BlackFideId "12573981"]
[EventDate "2025.05.27"]

1. Nf3 Nf6 2. g3 g6 3. Bg2 Bg7 4. O-O O-O 5. d3 d5 6. Nbd2 Nc6 7. e4 e5 8. c3 a5
9. Re1 h6 10. Qc2 Re8 11. b3 b6 12. a3 Ba6 13. exd5 Nxd5 14. Bb2 Qd7 15. Rad1
Rad8 16. Nc4 b5 17. Ncd2 b4 18. axb4 axb4 19. c4 Nc3 20. Bxc3 bxc3 21. Ne4 Qe7
22. Nxc3 Nb4 23. Qb1 Qc5 24. Na2 Bc8 25. Nxb4 Qxb4 26. Qc2 Bf5 27. Nh4 Bg4 28.
Bf3 Be6 29. Ng2 Rd4 30. Ne3 Red8 31. Nd5 Qd6 32. b4 c6 33. c5 Qb8 34. Nb6 Rxb4
35. Bxc6 Qc7 36. Ba4 Bf8 37. Rc1 Qb7 38. f3 Qxf3 39. Qg2 Qg4 40. Bc6 Rxd3 41.
Kh1 Qd4 42. Be4 Rd2 43. Qf3 Rbb2 0-1

[Event "Titled Tue 27th May Late"]
[Site "chess.com INT"]
[Date "2025.05.27"]
[Round "3"]
[White "Rustemov, Alexander"]
[Black "Karas, Marek"]
[Result "1-0"]
[WhiteTitle "GM"]
[BlackTitle "FM"]
[WhiteElo "2525"]
[BlackElo "2200"]
[WhiteFideId "4119002"]
[BlackFideId "14928558"]
[EventDate "2025.05.27"]

1. d4 d5 2. c4 c6 3. Nc3 Nf6 4. e3 e6 5. Nf3 a6 6. c5 g6 7. b4 Bg7 8. Bb2 O-O 9.
h3 Re8 10. Bd3 Nbd7 11. Ne2 Ne4 12. O-O e5 13. Qc2 Nxf2 14. Rxf2 e4 15. Bxe4
Rxe4 16. Bc1 Nf6 17. Nc3 Re8 18. Ne5 Be6 19. Bd2 Nd7 20. Nd3 Bf5 21. Raf1 Rf8
22. g4 Bxd3 23. Qxd3 Qe7 24. Kg2 Rae8 25. Rf3 Nf6 26. Rf4 Nd7 27. a4 Bh6 28.
R4f3 Bg7 29. b5 axb5 30. axb5 Nf6 31. Rf4 h6 32. R1f2 Nh7 33. e4 dxe4 34. Nxe4
Rd8 35. Nd6 Rxd6 36. cxd6 Qxd6 37. bxc6 bxc6 38. Qc4 Ng5 39. h4 Ne6 40. Re4 Qd5
41. Qxd5 cxd5 42. Re1 Nxd4 43. Rb1 Ne6 44. Rb7 d4 45. Bb4 Nd8 46. Rb8 Re8 47.
Ba5 Re4 48. Rxd8+ Kh7 49. Rxf7 Rf4 1-0

[Event "Titled Tue 27th May Late"]
[Site "chess.com INT"]
[Date "2025.05.27"]
[Round "3"]
[White "Becking, Stephan"]
[Black "Chen, Yidong"]
[Result "1/2-1/2"]
[WhiteTitle "IM"]
[WhiteElo "2410"]
[BlackElo "2038"]
[WhiteFideId "4632478"]
[BlackFideId "8607028"]
[EventDate "2025.05.27"]

1. d4 Nf6 2. Nf3 g6 3. c3 Bg7 4. Bg5 O-O 5. Nbd2 d5 6. e3 h6 7. Bh4 Re8 8. Bd3
c6 9. O-O Nbd7 10. Qb3 e5 11. dxe5 Nxe5 12. Nxe5 Rxe5 13. Bg3 Re8 14. h3 Qb6 15.
Qc2 Bd7 16. Rad1 Rad8 17. Rfe1 Bc8 18. Bh4 c5 19. b3 Qc6 20. a4 a6 21. e4 dxe4
22. Nxe4 g5 23. Bg3 Nxe4 24. Bxe4 Rxd1 25. Bh7+ Kh8 26. Rxd1 Qf6 27. c4 Qc3 28.
Qxc3 Bxc3 29. Bd3 Bd4 30. Kf1 Kg7 31. Re1 Rd8 32. Be4 f5 33. Bd5 f4 34. Bh2 Kf6
35. Bg1 Bf5 36. Be4 Bc8 37. f3 Bxg1 38. Kxg1 Rd2 39. Rb1 b6 40. b4 Bf5 41. Bxf5
Kxf5 42. bxc5 bxc5 43. Rb6 Rd4 44. Rxa6 Rxc4 45. Rc6 Rxa4 46. Rxc5+ Kg6 47. Kh2
Ra2 48. Rc6+ Kg7 49. Rd6 Rb2 50. Rd7+ Kg6 51. Rd6+ Kg7 52. Rd7+ Kg6 53. Rd6+ Kg7 1/2-1/2

[Event "Titled Tue 27th May Late"]
[Site "chess.com INT"]
[Date "2025.05.27"]
[Round "3"]
[White "Rasulov, Vugar"]
[Black "Gelman, Alexander"]
[Result "1-0"]
[WhiteTitle "GM"]
[BlackTitle "IM"]
[WhiteElo "2485"]
[BlackElo "2403"]
[WhiteFideId "13402390"]
[BlackFideId "4118316"]
[EventDate "2025.05.27"]

1. Nf3 Nf6 2. b3 c5 3. c4 e6 4. Bb2 a6 5. e3 d6 6. d4 Nbd7 7. Nc3 b6 8. Be2 Bb7
9. O-O Rg8 10. d5 g5 11. dxe6 fxe6 12. Nd2 g4 13. Qc2 Qe7 14. a4 h5 15. Nde4 Bg7
16. Rad1 d5 17. Nxf6+ Nxf6 18. a5 bxa5 19. Na4 Rc8 20. cxd5 exd5 21. Nb6 Rd8 22.
Bxf6 Bxf6 23. Rc1 d4 24. exd4 Bxd4 25. Bc4 Be4 26. Qe2 Rg5 27. Rce1 Re5 28. Bxa6
Kf8 29. Qd2 Kg7 30. Nc4 Re6 31. Bb5 Rf8 32. Ne3 Ba8 33. Bc4 Re5 34. Kh1 Qb7 35.
Rg1 Qd7 36. Nc2 Rxe1 37. Qg5+ Kh8 38. Qh6+ 1-0

[Event "Titled Tue 27th May Late"]
[Site "chess.com INT"]
[Date "2025.05.27"]
[Round "3"]
[White "Shukhman, Anna"]
[Black "Zhigalko, Sergei"]
[Result "1-0"]
[WhiteTitle "WGM"]
[BlackTitle "GM"]
[WhiteElo "2413"]
[BlackElo "2572"]
[WhiteFideId "54180058"]
[BlackFideId "13502956"]
[EventDate "2025.05.27"]

1. e4 c5 2. Nf3 Nc6 3. Nc3 Nf6 4. Bb5 Qc7 5. O-O Nd4 6. Re1 a6 7. Bf1 Ng4 8. e5
h5 9. d3 e6 10. Bf4 d6 11. Nxd4 dxe5 12. Nd5 exd5 13. Nf3 f6 14. h3 Be7 15. Bg3
Nh6 16. Nxe5 fxe5 17. Bxe5 Qc6 18. Bxg7 Rg8 19. Qxh5+ Nf7 20. Qh7 Rxg7 21. Qxg7
Be6 22. Qg8+ Bf8 23. Qg6 Kd7 24. Re3 d4 25. Rf3 Ne5 26. Qh7+ Be7 27. Rg3 Rf8 28.
Re1 Qd6 29. Qe4 Nc6 30. Rg7 Nd8 31. g3 Qc6 32. Qe2 Qf3 33. Bg2 Qf6 34. Rh7 Kc8
35. f4 Qg6 36. Rxe7 Qxg3 37. Rxe6 Nxe6 38. Qxe6+ Kb8 39. Qd6+ Ka7 40. Qxc5+ 1-0

[Event "Titled Tue 27th May Late"]
[Site "chess.com INT"]
[Date "2025.05.27"]
[Round "3"]
[White "Bagchi, Sounak"]
[Black "Shubenkova, Veronika"]
[Result "0-1"]
[BlackTitle "WFM"]
[WhiteElo "2030"]
[BlackElo "2024"]
[WhiteFideId "30970059"]
[BlackFideId "44124040"]
[EventDate "2025.05.27"]

1. e4 e6 2. d4 d5 3. Nd2 Nf6 4. e5 Nfd7 5. Bd3 c5 6. c3 Nc6 7. Ne2 Be7 8. O-O a6
9. a4 Qb6 10. Nf3 cxd4 11. cxd4 f6 12. exf6 Nxf6 13. Ne5 Nxe5 14. dxe5 Nd7 15.
Nf4 Nxe5 16. Qh5+ Nf7 17. Bxh7 Bf6 18. Ng6 Rf8 19. Nxf8 Kxf8 20. Bg6 Ne5 21.
Qh8+ Ke7 22. Qe8+ Kd6 23. b3 Nxg6 24. Qxg6 Bxa1 25. Ba3+ Kc7 26. Rxa1 Bd7 27.
Qxg7 Rd8 28. Qe5+ Kc8 29. Rc1+ Bc6 30. Qxe6+ Kb8 31. Bd6+ Ka8 32. b4 Re8 33. Qf6
Bxa4 34. Qf4 Bc6 35. Bc5 Qb5 36. h4 d4 37. Qxd4 Rg8 38. g3 Qe2 39. Qf4 Re8 40.
h5 Qxh5 41. g4 Qh1# 0-1

[Event "Titled Tue 27th May Late"]
[Site "chess.com INT"]
[Date "2025.05.27"]
[Round "3"]
[White "Ebrahimi Herab, Hamidreza"]
[Black "Ansat, Aldiyar"]
[Result "0-1"]
[WhiteTitle "FM"]
[BlackTitle "IM"]
[WhiteElo "2404"]
[BlackElo "2489"]
[WhiteFideId "22512888"]
[BlackFideId "13715658"]
[EventDate "2025.05.27"]

1. d4 Nf6 2. c4 c5 3. d5 e6 4. Nc3 exd5 5. cxd5 d6 6. e4 g6 7. f4 Bg7 8. Bb5+
Nfd7 9. Nf3 O-O 10. O-O a6 11. Bd3 b5 12. a3 c4 13. Bc2 Nc5 14. f5 Nbd7 15. Bg5
Qb6 16. Kh1 Re8 17. Qd2 Ra7 18. Bh6 Bh8 19. Rf2 Nd3 20. Bxd3 cxd3 21. Be3 Qb8
22. Qxd3 Nc5 23. Qc2 Rae7 24. Nd2 Nxe4 25. Ndxe4 Bxf5 26. Rxf5 gxf5 27. Bg5 Rxe4
28. Nxe4 Rxe4 29. Rf1 Qe8 30. h3 Re1 31. Qxf5 Bxb2 32. Bh6 Rxf1+ 33. Qxf1 Qe4
34. Qf2 Qb1+ 35. Kh2 Be5+ 36. Bf4 Qf5 37. Qg3+ Kf8 38. Bxe5 Qxe5 39. Qxe5 dxe5
40. g4 a5 41. Kg3 b4 42. axb4 axb4 43. Kf3 b3 44. Ke4 b2 45. Kxe5 b1=Q 46. Kd6
Qb6+ 47. Kd7 Qe3 48. d6 Qxh3 49. Kc7 Qxg4 50. d7 Qc4+ 0-1